Statistics for ‘N’ General Knowledge

Click here to take the quiz!

General Stats

  • This quiz has been taken 50 times
  • The average score is 11 of 15

Answer Stats

HintAnswer% Correct
Who built the ark?Noah
100%
What is IX in latin numbersNine
98%
What sugary fluid found in plants do bees collect?Nectar
91%
Rafael _____ won 10 French Open Tennis Tournaments between 2005-2017Nadal
85%
What was the predecessor of the human?Neanderthal
83%
Who’s country’s capital is Abuja?Nigeria
83%
Kurt Cobain was the head singer of what band?Nirvana
83%
What is the most accumulative element in the sky?Nitrogen
80%
The ‘Leaf’ and ‘Qashqai’ are examples of what car?Nissan
78%
In NESW, what does the N stand for?North
76%
In Greek Mythology, Who fell in love with his own reflection?Narcissus
65%
Chocolate, Strawberry, VanillaNeapolitan
61%
In the nose, what is separated by the septum?Nostrils
57%
A Neurologist specialises in what part of the body?Nervous system
50%
What Japanese electrics company originally started selling cards?Nintendo
48%

Score Distribution

Percentile by Number Answered

Percent of People with Each Score

Your Score History

You have not taken this quiz